000 01415nam a2200289 i 4500
001 185798
003 ES-MaACL
005 20250522202800.0
008 160810s1860 fr |||| | fre d
245 0 0 _aChroniques étrangères relatives aux expéditions françaises pendant le XIIIe siècle /
_cpubliées pour la première fois, élucidées et traduites par J. A. C. Buchon.
260 _aParis :
_bAuguste Desrez,
_c1840.
300 _aLXXII, X, 802 p. ;
_c27 cm.
490 1 _aPanthéon littéraire. Littérature française
505 8 _aContiene: Chronique des guerres des Français en Romanie et en Morée. Chronique du très magnifique seigneur Ramon Muntaner. Cronica del Rey en Pere e dels seus antecessors passats / Bernat d'Esclot. Conspiration de Jean Prochyta
530 _aDisponible en formato digital.
546 _aTextos en francés, griego y catalán.
651 4 _aFrancia-
_xHistoria-
_y987-1328, Capetos.
_9160438
651 4 _aAragón (Reino)-
_xHistoria.
_97791
651 4 _aImperio bizantino-
_xHistoria.
_98834
700 1 _aBuchon, Jean-Alexandre.
_9126221
700 1 _aMuntaner, Ramon,
_d1265-1336
_984239
700 0 _aDesclot, Bernat.
_943858
830 0 _aPanthéon littéraire. Littérature française
_9192401
852 _aES-MaACL
_jG-13589
856 _uhttp://bdh-rd.bne.es/viewer.vm?id=0000012511&page=1
_zBiblioteca Digital Hispánica
999 _c185798
_d185798